000 00500pab a2200181 454500
008 180718b2011 xxu||||| |||| 00| 0 eng d
100 _aDas, Debarshi
245 _aEarly twentieth century agrarian Assam: A brief and preliminary overview
260 _c2011
300 _ap.73-80.
362 _a8 Oct
650 _aAgrarian economics - India - Assam
650 _aAgrarian economics
700 _aSaikia, Arupjyoti
773 _aEconomic and Political Weekly
908 _aN
909 _a94045
999 _c94045
_d94045